000 00412nam a2200169Ia 4500
005 20140402112034.0
008 140130s9999 xx 000 0 und d
050 _aGV 1029
_b.G54 1999
245 _cGifford, Clive
_aUsborne book of racing cars
260 _bScholastic,
_c1993
300 _a32 p. :
_bill. ;
_c28 cm.
440 _v1
521 _aG4
526 _c640
942 _cBK
_2lcc
999 _c40849
_d40849